[Event "Frankfurt-chA"]
[Site "Frankfurt"]
[Date "2017.05.15"]
[Round "4"]
[White "Hofmann, Werner"]
[Black "Koellner, Ulrich"]
[Result "1/2-1/2"]
[WhiteElo "1590"]
[BlackElo "1706"]
[PlyCount "25"]
[EventDate "2017.04.24"]
[EventType "swiss"]
[EventRounds "7"]
[EventCountry "GER"]
[SourceTitle "EXT 2018"]
[Source "ChessBase"]
[SourceDate "2017.10.13"]
[SourceVersion "1"]
[SourceVersionDate "2017.10.13"]
[SourceQuality "1"]

1. d4 Nf6 2. e3 d6 3. Bd3 e5 4. Nd2 Be7 5. c3 0-0 6. Ne2 Nbd7 7. 0-0 b6 8. f3 Nd5 9. Ne4 Kh8 10. N4g3 exd4 11. exd4 Rb8 12. Qd2 c6 13. Nf5 1/2-1/2

[Event "Frankfurt-chA"]
[Site "Frankfurt"]
[Date "2016.06.13"]
[Round "7"]
[White "Stulken, Dietmar"]
[Black "Koellner, Ulrich"]
[Result "0-1"]
[WhiteElo "1349"]
[BlackElo "1785"]
[PlyCount "72"]
[EventDate "2016.04.25"]
[EventType "swiss"]
[EventRounds "9"]
[EventCountry "GER"]
[SourceTitle "EXT 2018"]
[Source "ChessBase"]
[SourceDate "2017.10.13"]
[SourceVersion "1"]
[SourceVersionDate "2017.10.13"]
[SourceQuality "1"]

1. e4 c6 2. d4 d5 3. exd5 cxd5 4. c4 Nf6 5. Nf3 g6 6. cxd5 Bg7 7. Bb5+ Nbd7 8. 0-0 0-0 9. Nc3 Nb6 10. Be3 a6 11. Be2 Nbxd5 12. Ne5 b5 13. Bf3 Bb7 14. a3 Rc8 15. Qd2 e6 16. Rac1 Qb6 17. Ne2 Nxe3 18. fxe3 Rxc1 19. Rxc1 Rd8 20. Bxb7 Qxb7 21. Qc3 Bh6 22. Kf1 Nd5 23. Qa5 Nxe3+ 24. Ke1 Rc8 25. Rxc8+ Qxc8 26. Kf2 Nd1+ 27. Kf3 Nxb2 28. Qb4 Nc4 29. Ng4 Bg7 30. Qe7 h5 31. Nf6+ Bxf6 32. Qxf6 Qc6+ 33. Kf2 Qd5 34. Nf4 Qf5 35. Qd8+ Kg7 36. Kg3 Qg4+ 0-1

[Event "Frankfurt-chA"]
[Site "Frankfurt"]
[Date "2016.05.23"]
[Round "4"]
[White "Koellner, Ulrich"]
[Black "Wagner, Guenter"]
[Result "0-1"]
[WhiteElo "1785"]
[BlackElo "1592"]
[PlyCount "44"]
[EventDate "2016.04.25"]
[EventType "swiss"]
[EventRounds "9"]
[EventCountry "GER"]
[SourceTitle "EXT 2018"]
[Source "ChessBase"]
[SourceDate "2017.10.13"]
[SourceVersion "1"]
[SourceVersionDate "2017.10.13"]
[SourceQuality "1"]

1. d4 Nf6 2. c4 g6 3. Nc3 d5 4. cxd5 Nxd5 5. e4 Nxc3 6. bxc3 Bg7 7. Nf3 c5 8. Rb1 0-0 9. Be2 Nc6 10. d5 Bxc3+ 11. Bd2 Bxd2+ 12. Qxd2 Na5 13. h4 h5 14. Qh6 f6 15. Qxg6+ Kh8 16. Nh2 Bd7 17. Bxh5 Be8 18. Qh6+ Kg8 19. Bg4 Nc4 20. Be6+ Bf7 21. Qg6+ Kh8 22. Bf5 Bxg6 0-1

[Event "Solingen Karneval op"]
[Site "Solingen"]
[Date "2016.02.07"]
[Round "4"]
[White "Marcziter, Dmitrii"]
[Black "Koellner, Ulrich"]
[Result "1-0"]
[WhiteElo "2311"]
[BlackElo "1820"]
[PlyCount "63"]
[EventDate "2016.02.05"]
[EventType "swiss"]
[EventRounds "5"]
[EventCountry "GER"]
[SourceTitle "EXT 2018"]
[Source "ChessBase"]
[SourceDate "2017.10.13"]
[SourceVersion "1"]
[SourceVersionDate "2017.10.13"]
[SourceQuality "1"]

1. d4 Nf6 2. Nf3 d5 3. c4 c6 4. Nc3 e6 5. e3 Nbd7 6. Qc2 Be7 7. g4 h6 8. Rg1 g5 9. h4 gxh4 10. Bd2 Qc7 11. 0-0-0 b6 12. g5 Ne4 13. Nxe4 dxe4 14. Qxe4 hxg5 15. Nxg5 Bxg5 16. Rxg5 Bb7 17. Rg7 0-0-0 18. Rxf7 Rde8 19. Bh3 c5 20. Qf4 Qxf4 21. Rxf4 Kb8 22. Rf7 Nf8 23. Rg1 Rh7 24. Rgg7 Rxg7 25. Rxg7 Be4 26. Rg4 Bd3 27. Rxh4 Bxc4 28. b3 Bb5 29. Rh8 Kc7 30. Bc3 Bd7 31. dxc5 bxc5 32. Bg7 1-0

[Event "Hofheim Spring op-B 2nd"]
[Site "Hofheim"]
[Date "2014.04.25"]
[Round "7"]
[White "Lanz, Udo"]
[Black "Koellner, Ulrich"]
[Result "1/2-1/2"]
[WhiteElo "1879"]
[BlackElo "1899"]
[PlyCount "29"]
[EventDate "2014.04.22"]
[EventType "swiss"]
[EventRounds "9"]
[EventCountry "GER"]
[SourceTitle "CBM 160 Extra"]
[Source "ChessBase"]
[SourceDate "2014.07.01"]
[SourceVersion "1"]
[SourceVersionDate "2014.07.01"]
[SourceQuality "1"]

1. e4 c6 2. d4 d5 3. f3 g6 4. Be3 Bg7 5. Bd3 dxe4 6. Bxe4 Nf6 7. Ne2 Bf5 8. Nbc3 Qa5 9. 0-0 0-0 10. Qd3 Nbd7 11. Ng3 Bxe4 12. Ncxe4 Rad8 13. Qb3 Nd5 14. Bf2 Qb4 15. c3 1/2-1/2

[Event "Hofheim Spring op-B 2nd"]
[Site "Hofheim"]
[Date "2014.04.22"]
[Round "1"]
[White "Koellner, Ulrich"]
[Black "Bauermees, Thomas"]
[Result "1-0"]
[WhiteElo "1899"]
[BlackElo "1673"]
[PlyCount "83"]
[EventDate "2014.04.22"]
[EventType "swiss"]
[EventRounds "9"]
[EventCountry "GER"]
[SourceTitle "CBM 160 Extra"]
[Source "ChessBase"]
[SourceDate "2014.07.01"]
[SourceVersion "1"]
[SourceVersionDate "2014.07.01"]
[SourceQuality "1"]

1. d4 Nf6 2. c4 c5 3. d5 e5 4. Nc3 d6 5. e4 Be7 6. h3 Nbd7 7. Qa4 0-0 8. Bd3 h6 9. Nge2 Nh7 10. 0-0 Bg5 11. Qc2 Ndf6 12. a3 Nh5 13. f4 exf4 14. e5 g6 15. e6 fxe6 16. Bxg6 N7f6 17. Nxf4 Nxf4 18. Bxf4 e5 19. Bxg5 hxg5 20. Ne4 Nxe4 21. Qxe4 Bd7 22. Rxf8+ Qxf8 23. Rf1 Qh6 24. Rf6 Qh4 25. Qxh4 gxh4 26. Rxd6 Be8 27. Bxe8 Rxe8 28. Rh6 e4 29. Rxh4 e3 30. Kf1 Rf8+ 31. Ke2 Rf2+ 32. Kxe3 Rxb2 33. a4 Rxg2 34. Rg4+ Rxg4 35. hxg4 Kf7 36. Ke4 b6 37. Ke5 Ke7 38. g5 a6 39. g6 b5 40. cxb5 c4 41. Kd4 axb5 42. axb5 1-0

[Event "Main Vogelsberg op 8th"]
[Site "Hanau"]
[Date "2013.06.01"]
[Round "5"]
[White "Koellner, Ulrich"]
[Black "Schloessner, Henrik"]
[Result "1/2-1/2"]
[WhiteElo "1750"]
[BlackElo "1951"]
[PlyCount "55"]
[EventDate "2013.05.30"]
[EventType "swiss"]
[EventRounds "7"]
[EventCountry "GER"]
[SourceTitle "EXT 2014"]
[Source "ChessBase"]
[SourceDate "2013.11.20"]
[SourceVersion "1"]
[SourceVersionDate "2013.11.20"]
[SourceQuality "1"]

1. d4 Nf6 2. c4 e5 3. dxe5 Ng4 4. Bf4 Nc6 5. Nf3 Bb4+ 6. Nbd2 Qe7 7. a3 Ngxe5 8. Nxe5 Nxe5 9. e3 Bxd2+ 10. Qxd2 d6 11. Be2 0-0 12. 0-0 Ng6 13. Bg3 Bd7 14. Bf3 Bc6 15. Bd5 Kh8 16. Rac1 f5 17. c5 dxc5 18. Bxc6 bxc6 19. Qa5 Rab8 20. Rxc5 f4 21. exf4 Nxf4 22. Bxf4 Rxf4 23. Rxc6 Rxb2 24. Rxc7 Qf8 25. Qxa7 h6 26. Qc5 Qxc5 27. Rxc5 Ra4 28. Rc3 1/2-1/2

[Event "Karl Mala Memorial op 14th"]
[Site "Frankfurt"]
[Date "2011.07.10"]
[Round "6"]
[White "Koellner, Ulrich"]
[Black "Goebel, Andreas"]
[Result "1/2-1/2"]
[WhiteElo "1870"]
[BlackElo "2032"]
[PlyCount "55"]
[EventDate "2011.07.07"]
[EventType "swiss"]
[EventRounds "7"]
[EventCountry "GER"]
[SourceTitle "EXT 2012"]
[Source "ChessBase"]
[SourceDate "2011.11.24"]
[SourceVersion "1"]
[SourceVersionDate "2011.11.24"]
[SourceQuality "1"]

1. d4 Nf6 2. c4 e6 3. Nf3 d5 4. Nc3 Be7 5. Bf4 c6 6. e3 Nbd7 7. Bd3 b6 8. 0-0 Bb7 9. cxd5 exd5 10. Qe2 0-0 11. Rac1 Re8 12. Rfd1 Bf8 13. Qc2 g6 14. e4 dxe4 15. Nxe4 Nxe4 16. Bxe4 Rc8 17. Ne5 Nxe5 18. dxe5 Qc7 19. Bg3 c5 20. e6 Bxe4 21. Qxe4 Qe7 22. exf7+ Qxf7 23. Qa4 Rcd8 24. b3 Bg7 25. f3 Rd4 26. Qb5 Rxd1+ 27. Rxd1 Bd4+ 28. Bf2 1/2-1/2

[Event "Karl Mala Memorial op 13th"]
[Site "Frankfurt"]
[Date "2010.07.09"]
[Round "2"]
[White "Bingert, Tim Niklas"]
[Black "Koellner, Ulrich"]
[Result "1/2-1/2"]
[WhiteElo "1575"]
[BlackElo "1878"]
[PlyCount "53"]
[EventDate "2010.07.08"]
[EventType "swiss"]
[EventRounds "7"]
[EventCountry "GER"]
[SourceTitle "EXT 2012"]
[Source "ChessBase"]
[SourceDate "2011.11.24"]
[SourceVersion "1"]
[SourceVersionDate "2011.11.24"]
[SourceQuality "1"]

1. e4 c6 2. d4 d5 3. exd5 cxd5 4. c4 Nf6 5. Nf3 e6 6. Bg5 Be7 7. Nc3 0-0 8. Be2 Nc6 9. 0-0 b6 10. Rc1 Bb7 11. Bxf6 Bxf6 12. cxd5 exd5 13. Bd3 Re8 14. Bb5 Qd6 15. Bxc6 Bxc6 16. Qd2 Re7 17. Rfe1 Rae8 18. Rxe7 Rxe7 19. Re1 g6 20. Rxe7 Qxe7 21. a3 Kg7 22. Kf1 Bb7 23. Qe2 Kf8 24. Ke1 Bg7 25. g4 h6 26. Kd2 Qf6 27. Qe5 1/2-1/2

[Event "Main Vogelsberg op 4th"]
[Site "Heusenstamm"]
[Date "2009.05.02"]
[Round "4"]
[White "Scharmann, Hartmut"]
[Black "Koellner, Ulrich"]
[Result "0-1"]
[WhiteElo "1509"]
[BlackElo "1908"]
[PlyCount "92"]
[EventDate "2009.04.30"]
[EventType "swiss"]
[EventRounds "7"]
[EventCountry "GER"]
[SourceTitle "CBM 130 Extra"]
[Source "ChessBase"]
[SourceDate "2009.07.02"]
[SourceVersion "2"]
[SourceVersionDate "2009.07.15"]
[SourceQuality "1"]

1. e4 c6 2. d3 g6 3. Nf3 Bg7 4. g3 d5 5. Nbd2 dxe4 6. dxe4 Nf6 7. Qe2 0-0 8. Bg2 Nbd7 9. 0-0 e5 10. Rd1 Qe7 11. Nb3 Nc5 12. Nxc5 Qxc5 13. Be3 Qe7 14. Bd2 Nd7 15. Bc3 b6 16. Bh3 Nb8 17. Bg2 c5 18. Qc4 Be6 19. Qe2 Nc6 20. a3 Rfd8 21. Rd3 Rxd3 22. Qxd3 Rd8 23. Qe2 Bg4 24. Rd1 Rxd1+ 25. Qxd1 Nd4 26. h3 Be6 27. Bd2 f6 28. Be3 Qd7 29. h4 Bg4 30. Kh1 Qa4 31. b3 Qxa3 32. c3 Qxb3 33. Qd2 Nxf3 34. Qd8+ Bf8 35. Bf1 Qf7 36. Bh6 Be6 37. Be2 Nxh4 38. gxh4 Qe7 39. Qb8 Kf7 40. Be3 Qd7 41. h5 g5 42. h6 Bxh6 43. Bh5+ Ke7 44. Qh8 Bf7 45. Qxh7 Qh3+ 46. Kg1 Qxh5 0-1

[Event "Nuremberg LGA Cup 4th"]
[Site "Nuremberg"]
[Date "2007.09.06"]
[Round "1"]
[White "Klundt, Klaus"]
[Black "Koellner, Ulrich"]
[Result "1-0"]
[WhiteElo "2375"]
[BlackElo "1910"]
[PlyCount "33"]
[EventDate "2007.09.06"]
[EventType "swiss"]
[EventRounds "7"]
[EventCountry "GER"]
[SourceTitle "CBM 120 Extra"]
[Source "ChessBase"]
[SourceDate "2007.11.01"]
[SourceVersion "1"]
[SourceVersionDate "2007.11.01"]
[SourceQuality "1"]

1. e4 c6 2. d4 d5 3. exd5 cxd5 4. c4 Nf6 5. Nc3 e6 6. Nf3 Be7 7. cxd5 Nxd5 8. Bd3 Nd7 9. 0-0 Nxc3 10. bxc3 b6 11. Be4 Ba6 12. Bxa8 Bxf1 13. Bc6 Ba6 14. Qa4 Bc8 15. Qxa7 0-0 16. Bf4 Bf6 17. Bd6 1-0

[Event "Main Vogelsberg op 2nd"]
[Site "Grossauheim"]
[Date "2007.06.10"]
[Round "6"]
[White "Meier, Lars"]
[Black "Koellner, Ulrich"]
[Result "1/2-1/2"]
[WhiteElo "1684"]
[BlackElo "1734"]
[PlyCount "21"]
[EventDate "2007.06.07"]
[EventType "swiss"]
[EventRounds "7"]
[EventCountry "GER"]
[SourceTitle "EXT 2008"]
[Source "ChessBase"]
[SourceDate "2007.11.25"]
[SourceVersion "1"]
[SourceVersionDate "2007.11.25"]
[SourceQuality "1"]

1. e4 c6 2. d4 d5 3. exd5 cxd5 4. Nf3 Nf6 5. Nc3 Nc6 6. Bf4 Bg4 7. Be2 e6 8. 0-0 Bd6 9. Bg5 0-0 10. Re1 Rc8 11. Ne5 1/2-1/2

[Event "Main Vogelsberg op 2nd"]
[Site "Grossauheim"]
[Date "2007.06.07"]
[Round "2"]
[White "Schwind, Janek"]
[Black "Koellner, Ulrich"]
[Result "1/2-1/2"]
[WhiteElo "1590"]
[BlackElo "1734"]
[PlyCount "46"]
[EventDate "2007.06.07"]
[EventType "swiss"]
[EventRounds "7"]
[EventCountry "GER"]
[SourceTitle "EXT 2008"]
[Source "ChessBase"]
[SourceDate "2007.11.25"]
[SourceVersion "1"]
[SourceVersionDate "2007.11.25"]
[SourceQuality "1"]

1. e4 c6 2. Nf3 d5 3. Nc3 dxe4 4. Nxe4 Nf6 5. Ng3 Nbd7 6. d4 e6 7. Bd3 Be7 8. 0-0 0-0 9. Bf4 c5 10. Ne4 Nxe4 11. Bxe4 Nf6 12. Bd3 b6 13. c3 Bb7 14. dxc5 Bxc5 15. Bg5 h6 16. Bh4 Be7 17. Qe2 Nd5 18. Bg3 Bd6 19. Bxd6 Qxd6 20. Rad1 Qe7 21. Be4 Nf6 22. Bxb7 Qxb7 23. Rd3 Rad8 1/2-1/2

[Event "Werther Schloss op-B 13rd"]
[Site "Werther"]
[Date "2007.03.31"]
[Round "3"]
[White "Krueger, Tim"]
[Black "Koellner, Ulrich"]
[Result "1/2-1/2"]
[WhiteElo "1980"]
[BlackElo "1918"]
[PlyCount "46"]
[EventDate "2007.03.30"]
[EventType "swiss"]
[EventRounds "5"]
[EventCountry "GER"]
[SourceTitle "EXT 2008"]
[Source "ChessBase"]
[SourceDate "2007.11.25"]
[SourceVersion "1"]
[SourceVersionDate "2007.11.25"]
[SourceQuality "1"]

1. Nf3 Nf6 2. c4 g6 3. b3 Bg7 4. Bb2 0-0 5. e3 d6 6. Be2 b6 7. 0-0 Bb7 8. d3 Nc6 9. Nc3 e6 10. Rc1 Qd7 11. a3 Ne7 12. b4 c5 13. Qb3 Rfd8 14. Rfd1 Rab8 15. d4 Qe8 16. Ne1 Nd7 17. dxc5 dxc5 18. Nb5 Nc8 19. Bxg7 Kxg7 20. Qc3+ Kg8 21. Bf3 Qe7 22. Qb3 Ne5 23. Bxb7 Rxb7 1/2-1/2

[Event "Nuremberg LGA Cup 3rd"]
[Site "Nuremberg"]
[Date "2006.09.10"]
[Round "7.45"]
[White "Schuetz, Guenter"]
[Black "Koellner, Ulrich"]
[Result "1/2-1/2"]
[WhiteElo "2244"]
[BlackElo "1920"]
[PlyCount "106"]
[EventDate "2006.09.07"]
[EventType "swiss"]
[EventRounds "7"]
[EventCountry "GER"]
[SourceTitle "EXT 2022"]
[Source "ChessBase"]
[SourceDate "2021.10.06"]
[SourceVersion "1"]
[SourceVersionDate "2021.10.06"]
[SourceQuality "1"]

1. f4 d5 2. Nf3 g6 3. g3 Bg7 4. Bg2 Nf6 5. 0-0 0-0 6. d3 c6 7. c3 Nbd7 8. Qe1 b6 9. Na3 Re8 10. Bd2 e5 11. fxe5 Nxe5 12. Nxe5 Rxe5 13. Qf2 Qe7 14. e4 dxe4 15. Nc4 Ng4 16. Qe1 Re6 17. dxe4 Ba6 18. Rf4 Bxc4 19. Rxg4 f5 20. Bg5 Qe8 21. Rh4 Bd5 22. Qd2 Bxe4 23. Bxe4 Rxe4 24. Rxe4 Qxe4 25. Re1 Qc4 26. Qd7 Qc5+ 27. Kg2 Qd5+ 28. Qxd5+ cxd5 29. Re7 h6 30. Be3 Rd8 31. Kf3 d4 32. cxd4 Bxd4 33. b3 Bxe3 34. Kxe3 Kf8 35. Rxa7 Re8+ 36. Kf3 Re6 37. Rb7 Ke8 38. h4 Kd8 39. Rf7 Ke8 40. Rb7 Kf8 41. a4 g5 42. h5 Rc6 43. b4 Rc3+ 44. Kf2 Rc2+ 45. Ke3 Rc3+ 46. Kd4 Rxg3 47. Rxb6 Kg7 48. Ke5 f4 49. Rb7+ Kg8 50. Rb6 Re3+ 51. Kd4 Kg7 52. Rg6+ Kf7 53. Rc6 Ra3 1/2-1/2

[Event "Nuremberg LGA Cup 3rd"]
[Site "Nuremberg"]
[Date "2006.09.09"]
[Round "4.41"]
[White "Redzepovic, Irfan"]
[Black "Koellner, Ulrich"]
[Result "1-0"]
[WhiteElo "2053"]
[BlackElo "1920"]
[PlyCount "75"]
[EventDate "2006.09.07"]
[EventType "swiss"]
[EventRounds "7"]
[EventCountry "GER"]
[SourceTitle "EXT 2022"]
[Source "ChessBase"]
[SourceDate "2021.10.06"]
[SourceVersion "1"]
[SourceVersionDate "2021.10.06"]
[SourceQuality "1"]

1. d4 Nf6 2. c4 g6 3. Nc3 d5 4. Nf3 Bg7 5. Bg5 Ne4 6. cxd5 Nxc3 7. bxc3 Qxd5 8. Qa4+ Bd7 9. Qb3 Be6 10. Qa3 Qd6 11. Qb2 Bd5 12. e3 b6 13. c4 Bb7 14. c5 Qxc5 15. e4 Qd6 16. e5 Qd8 17. Qa3 h6 18. Bh4 g5 19. Bg3 Bd5 20. Bb5+ c6 21. Ba4 0-0 22. 0-0 e6 23. Bc2 f5 24. exf6 Bxf6 25. Ne5 Nd7 26. Qd3 Qe7 27. Qg6+ Kh8 28. Qxh6+ Kg8 29. Qg6+ Kh8 30. Qh5+ Kg8 31. Ng4 c5 32. Nh6+ Kg7 33. Qg6+ Kh8 34. Bd6 Qg7 35. Qh5 Bxd4 36. Nf5+ Qh7 37. Qxh7+ Kxh7 38. Nxd4+ 1-0

[Event "Nuremberg LGA Cup 3rd"]
[Site "Nuremberg"]
[Date "2006.09.08"]
[Round "2.62"]
[White "Koellner, Ulrich"]
[Black "Matuschek, Thomas"]
[Result "1/2-1/2"]
[WhiteElo "1920"]
[BlackElo "1535"]
[PlyCount "41"]
[EventDate "2006.09.07"]
[EventType "swiss"]
[EventRounds "7"]
[EventCountry "GER"]
[SourceTitle "EXT 2022"]
[Source "ChessBase"]
[SourceDate "2021.10.06"]
[SourceVersion "1"]
[SourceVersionDate "2021.10.06"]
[SourceQuality "1"]

1. d4 Nf6 2. c4 e6 3. Nc3 d5 4. Nf3 a6 5. Bg5 Be7 6. e3 dxc4 7. Bxc4 b5 8. Bd3 Bb7 9. 0-0 Nbd7 10. Rc1 Rc8 11. Bb1 c5 12. dxc5 Rxc5 13. Bxf6 Nxf6 14. Qxd8+ Bxd8 15. Nd2 Ke7 16. Nde4 Nxe4 17. Bxe4 Bxe4 18. Nxe4 Rxc1 19. Rxc1 f5 20. Nc5 a5 21. Kf1 1/2-1/2